| LEADER | 01380nam a2200277 i 4500 | ||
|---|---|---|---|
| 001 | 10018790 | ||
| 003 | GR-PaULI | ||
| 005 | 20231021063205.0 | ||
| 008 | 881025s2009 gr g 1 gre d | ||
| 020 | |a 9789605275082 | ||
| 040 | |a GR-PaULI |b gre |c GR-PaULI |e AARC2 | ||
| 082 | 0 | 4 | |a 390 |2 23 |
| 100 | 1 | |a Puchner, Walter, |d 1947- |e συγγραφέας |9 8019 | |
| 245 | 1 | 0 | |a Θεωρητική λαογραφία : |b έννοιες, μέθοδοι, θεματικές / |c Βάλτερ Πούχνερ. |
| 260 | |a Αθήνα : |b Αρμός, |c 2009. | ||
| 300 | |a 691, [2] σ. ; |c 21 εκ. | ||
| 490 | 1 | |a Λαογραφία ; |v 1 | |
| 504 | |a Περιλαμβάνει βιβλιογραφία και ευρετήριο. | ||
| 650 | 4 | |a Λαογραφία |x Θεωρία, μέθοδοι κλπ. |9 37359 | |
| 830 | 0 | |9 163020 |a Λαογραφία | |
| 852 | |a GR-PaULI |b ΠΑΤΡΑ |b ΒΚΠ |b ΔΩΡ |k ΑΣΧΕ |h 390 PUC |m 129285 |p 025000247602 |t 1 |g ΒΑΛ | ||
| 942 | |2 ddc |c BK15 | ||
| 952 | |0 0 |1 0 |2 ddc |4 0 |6 390_000000000000000_PUC |7 0 |9 172688 |a LISP |b LISP |c DON |d 2016-04-24 |e ΒΑΛ |i 129285 |l 2 |m 1 |o 390 PUC |p 025000247602 |r 2022-05-16 00:00:00 |s 2022-03-29 |t 1 |v 2016.00 |w 2016-04-24 |y BK15 | ||
| 952 | |0 0 |1 0 |2 ddc |4 0 |6 390_000000000000000_PUC |7 0 |9 213580 |a LISP |b LISP |c DON |d 2017-06-29 |e ΒΑΛ |i 126254 |l 0 |o 390 PUC |p 025000244994 |r 2017-06-29 00:00:00 |t 2 |y BK15 | ||
| 998 | |c ΜΠΟΥΡΑΣ |d 2016-04 | ||
| 999 | |c 108025 |d 108025 | ||